Bayer Leverkusen Players 2024 - Statistics

General Stats
  • This quiz has been taken 20 times
  • The average score is 9 of 16
Answer Stats
Hint Answer % Correct
GK Hrádecky
89%
RB/RWB Frimpong
83%
CB Tah
83%
CM Wirtz
83%
FW Boniface
78%
LB/LWB Grimaldo
78%
CM Xhaka
72%
FW Schick
61%
FW Adli
50%
CB Tapsoba
50%
CM Andrich
44%
CB Hincapié
44%
CM Palacios
44%
FW Tella
33%
FW Hložek
28%
CB Kossounou
22%
No matching quizzes found
Score Distribution
Percent of People with Each Score
Percentile by Number Answered
Your Score History
You have not taken this quiz